| 000 | 00384 a2200121 4500 | ||
|---|---|---|---|
| 001 | ART_11873 | ||
| 005 | 20260410161901.0 | ||
| 008 | 260409a | ||
| 245 | 1 | 0 | _aSingle-crossing conditions in comparissons of tax progressivity |
| 100 | 1 | _aHemming, Richard | |
| 700 | 1 | _aKeen, M. J. | |
| 773 | 0 |
_tJournal of public economics _g- Vol. 20, NÂș 3 (abr. 1983) _wREV11485 |
|
| 999 |
_c25919 _d25919 |
||